| 000 | 00943nam a22002537a 4500 | ||
|---|---|---|---|
| 999 |
_c3865 _d3865 |
||
| 003 | AR-CdUCM | ||
| 008 | 190307b ||||| |||| 00| 0 spa d | ||
| 040 |
_aMUNICIPALIDAD PROVINCIAL DEL CUSCO _cBIBLIOTECA MUNICIPAL DEL CUSCO |
||
| 041 | _heng | ||
| 082 |
_a371.27 / _bR81 |
||
| 100 |
_aAhmann, J. Stanley _912424 |
||
| 245 | _aEvaluación de los alumnos de la escuela primaria / | ||
| 260 |
_aMadrid : _bAguilar, _c1962. |
||
| 300 |
_aXV, 491 paginas ; _bIlustraciones, diagramas, tablas, _c21cm. |
||
| 500 | _aColección Psicologia y Educación | ||
| 505 | _aContenido: Papel de la evaluación en la educación -- Evaluacion educativa -- Validez y fiabilidad -- Normas del test -- Conocimiento del alumno... | ||
| 650 |
_aEducación primaria _91561 |
||
| 650 |
_aEducación _9460 |
||
| 650 |
_aNorteamerica _95078 |
||
| 700 |
_aMaillo, Cesar _912425 |
||
| 700 |
_aWardeberg, Helen L _912426 |
||
| 942 |
_2ddc _cLIBROS |
||
| 945 | _apjha | ||